| 000 | 01433nam2a22002531 4500 | ||
|---|---|---|---|
| 001 | rc\4726788 | ||
| 005 | 20250612013041.0 | ||
| 021 |
_aRU _bРг4997 |
||
| 021 |
_aRU _bРг61-25968 |
||
| 035 | _a(NLR Aleph) 008445065 | ||
| 090 |
_a9502598 _c9502598 |
||
| 100 | _a20130416d1961 |||y0rusy50 ca | ||
| 101 | 0 | _arus | |
| 102 | _aRU | ||
| 105 | _ay z ||||| | ||
| 200 | 1 | _aКузнечно-штамповочное производство | |
| 210 |
_d1961 _aБ. м. |
||
| 215 | _a75 с. | ||
| 461 | 0 |
_1001rc\4726787 _12001#$aСправочно-методическое пособие по экономической части дипломного проекта для специальности "Машины и обработка металлов давлением"$fПодгот. доц. А.К. Тащевым. Ч. 1-$gЧеляб. политехн. ин-т. Кафедра экономики пром. и организации предприятия$vЧ. 1 _99502594 _cЧелябинск _d1961 _fПодгот. доц. А.К. Тащевым. Ч. 1- _nБ. и. _tСправочно-методическое пособие по экономической части дипломного проекта для специальности "Машины и обработка металлов давлением" _vЧ. 1 |
|
| 801 | 0 |
_aRU _bNLR _gpsbo |
|
| 801 | 1 |
_aRU _bELAR _2rusmarc |
|
| 852 |
_aNLR _j61-4/6196 |
||
| 942 | _cBOOK | ||
| 980 | _aNB | ||